00717cam a22002173a 45000010005000000030006000050050017000110080041000280400015000690420007000840500007000911000020000982450096001182600029002145060073002435160020003166530047003366530047003838300028004308560041004583224PGUSA20140828083027.0020501s2002||||xxu|||||s|||||000 | eng d aPGUSAbeng adc 4aPE1 aHonig, Winfried10aMr. Honey's Work Study Dictionary (German-English)h[electronic resource] /cWinfried Honig bProject Gutenberg,c2002 aCopyrighted. Read the copyright notice inside this book for details. aElectronic text aGerman language -- Dictionaries -- English aEnglish language -- Dictionaries -- German 0aProject Gutenbergv322440uhttp://www.gutenberg.org/ebooks/3224